| 000 -LEADER |
| fixed length control field |
01626 a2200253 4500 |
| 003 - CONTROL NUMBER IDENTIFIER |
| control field |
Nust |
| 005 - DATE AND TIME OF LATEST TRANSACTION |
| control field |
20170207154019.0 |
| 010 ## - LIBRARY OF CONGRESS CONTROL NUMBER |
| LC control number |
2002028098 |
| 020 ## - INTERNATIONAL STANDARD BOOK NUMBER |
| International Standard Book Number |
0470843896 |
| 040 ## - CATALOGING SOURCE |
| Transcribing agency |
Nust |
| 082 00 - DEWEY DECIMAL CLASSIFICATION NUMBER |
| Classification number |
621.3822 |
| 100 1# - MAIN ENTRY--PERSONAL NAME |
| Personal name |
Benvenuto, Nevio. |
| 245 10 - TITLE STATEMENT |
| Title |
Algorithms for communications systems and their applications - (E-BOOK) |
| Statement of responsibility, etc. |
Nevio Benvenuto, Giovanni Cherubini. |
| 260 ## - PUBLICATION, DISTRIBUTION, ETC. |
| Place of publication, distribution, etc. |
New York : |
| Name of publisher, distributor, etc. |
J. Wiley, |
| Date of publication, distribution, etc. |
2002. |
| 300 ## - PHYSICAL DESCRIPTION |
| Extent |
xxx, 1285 : |
| Other physical details |
ill. ; |
| Dimensions |
25 cm. |
| 505 ## - FORMATTED CONTENTS NOTE |
| Formatted contents note |
Elements Of Signal Theory (Page-1), The Wiener filter And Linear Prediction (Page-129), Adaptive Transversal filters (Page-165), Transmission Media (Page-255), Digital Representation Of Waveforms (Page-331), Modulation Theory (Page-437), Transmission Over Dispersive Channels (Page-539), Channel Equalization And Symbol Detection (Page-619), Orthogonal Frequency Division Multiplexing (Page-753), Spread Spectrum Systems (Page-795), Channel Codes (Page-827), Trellis Coded Modulation (Page-967), Precoding And Coding Techniques For Dispersive Channels (Page-999), Self-Training Equalization (Page-),1083 Applications Of Interference Cancellation (Page-1115), Wired And Wireless Network Technologies (Page-1145), Modulation Techniques For Wireless Systems (Page-1189). |
| 650 #0 - SUBJECT ADDED ENTRY--TOPICAL TERM |
| Topical term or geographic name entry element |
Algorithms. |
| 650 #0 - SUBJECT ADDED ENTRY--TOPICAL TERM |
| Topical term or geographic name entry element |
Signal processing |
| General subdivision |
Mathematics. |
| 650 #0 - SUBJECT ADDED ENTRY--TOPICAL TERM |
| Topical term or geographic name entry element |
Telecommunication systems |
| General subdivision |
Mathematics. |
| 651 ## - SUBJECT ADDED ENTRY--GEOGRAPHIC NAME |
| Geographic name |
E-BOOK |
| 700 1# - ADDED ENTRY--PERSONAL NAME |
| Personal name |
Cherubini, Giovanni, |
| Dates associated with a name |
1957- |
| 856 42 - ELECTRONIC LOCATION AND ACCESS |
| Materials specified |
Publisher description |
| Uniform Resource Identifier |
<a href="http://www.loc.gov/catdir/description/wiley036/2002028098.html">http://www.loc.gov/catdir/description/wiley036/2002028098.html</a> |
| 856 42 - ELECTRONIC LOCATION AND ACCESS |
| Materials specified |
Table of contents |
| Uniform Resource Identifier |
<a href="http://www.loc.gov/catdir/toc/wiley023/2002028098.html">http://www.loc.gov/catdir/toc/wiley023/2002028098.html</a> |
| 942 ## - ADDED ENTRY ELEMENTS (KOHA) |
| Source of classification or shelving scheme |
|
| Koha item type |
Book |